000 01404namaa22003251i 4500
005 20260405124942.0
008 260405s1995 ua a|||frm||| 000 0 eng d
040 _aEG-GICUC
_beng
_cEG-GICUC
_dEG-GICUC
_erda
041 0 _aeng
_beng
_bara
049 _aDeposit
097 _aM.Sc
099 _aCai01.11.14.M.Sc.1995.As.D
100 0 _aAshraf Elsebaie Mohammad Elsebaie,
_epreparation.
245 1 0 _aDoppler Based Fasciocutaneous Flaps of the leg /
_cBy Ashraf Elsebaie Mohammad Elsebaie ; Supervisors Prof. Mohammad Shawki Kamal, Prof. Dr. Ahmed Sherif Kariem, Dr. Maamoun Ismail Maamoun
246 1 5 _aاستخدام الدوبلر في الشرائح الجلد - صفاقية للساق
264 0 _c1995.
300 _a139 Leaves
_billustrations
_c30 cm. +
336 _2rda content
_atext
337 _2rdamedia
_aUnmediated
338 _2rdacarrier
_avolume
502 _aThesis (M.Sc.)-Cairo University, 1995
504 _aBibliography: pages 130-139
653 0 _aDoppler Based Fasciocutaneous Flaps of the leg
700 0 _aMohammad Shawki Kamal
_ethesis advisor.
700 0 _aAhmed Sherif Kariem
_ethesis advisor.
700 0 _aMaamoun Ismail Maamoun
_ethesis advisor.
900 _DDepartment of General Surgery
_FFaculty of Medicine
_UCairo University
_b1995
_cMohammad Shawki Kamal
_cAhmed Sherif Kariem
_cMaamoun Ismail Maamoun
905 _aNehad
942 _2ddc
_cTH
_e21
_n0
999 _c179196